Defunct Pro Sports teams - Statistics

General Stats
  • This quiz has been taken 23 times
  • The average score is 61 of 239
Answer Stats
Picture Answer % Correct
Arizona Coyotes
89%
Minnesota North Stars
83%
Atlanta Thrashers
78%
Hartford Whalers
78%
Milwaukee Braves
78%
Montreal Expos
78%
Quebec Nordiques
78%
Washington Redskins
72%
Atlanta Flames
67%
Boston Bulldogs
61%
Boston Yanks
61%
Brooklyn Americans
61%
California Seals
61%
Cleveland Indians
61%
Colorado Rockies
61%
Detroit Falcons
61%
Kansas City Scouts
61%
Milwaukee Hawks
61%
New Orleans Jazz
61%
Rochester Royals
61%
San Diego Chargers
61%
San Diego Rockets
61%
St Louis Rams
61%
Toronto Huskies
61%
Baltimore Colts
56%
Brooklyn Dodgers
56%
Cincinnati Reds
56%
Cincinnati Royals
56%
Dallas Texans
56%
Decatur Staleys
56%
Hammond Pros
56%
Houston Colt 45s
56%
Houston oilers
56%
Indianapolis Olympians
56%
New Orleans Hornets
56%
New York Titans
56%
Oakland A's
56%
Pittsburgh Ironmen
56%
Portsmouth Spartans
56%
Seattle Sonics
56%
St Louis Eagles
56%
Toronto St Patricks
56%
Baltimore Bullets
50%
Boston Breakers
50%
Cleveland Rebels
50%
Kansas City Athletics
50%
Minneapolis Lakers
50%
Orlando Renegades
50%
Philadelphia Athletics
50%
Portland Breakers
50%
Providence Steamrollers
50%
Seattle Pilots
50%
Staten Island Stapletons
50%
Vancouver Grizzlies
50%
Atlantic Schooners
44%
Chicago Red Stars
44%
Cleveland Barons
44%
New York Cubans
44%
New York Giants
44%
Philadelphia Quakers
44%
Pittsburgh Pirates
44%
San Antonio Gunslingers
44%
Syracuse Nationals
44%
Utah Royals FC
44%
Washington Senators
44%
Birmingham Barracudas
39%
Buffalo Braves
39%
Charlotte Bobcats
39%
Chicago Zephyrs
39%
FC Kansas City
39%
Indianapolis Clowns
39%
Las Vegas Vipers
39%
Montreal Concordes
39%
Montreal Maroons
39%
Newark Eagles
39%
OL Reign
39%
San Diego Clippers
39%
Sky Blue FC
39%
St Louis Browns
39%
Tonawanda Kardex
39%
Canton Bulldogs
33%
Chicago Cardinals
33%
Dayton Triangles
33%
Hamilton Tigers
33%
Houston Comets
33%
Racine Belles
33%
Rockford Peaches
33%
San Jose Clash
33%
Cleveland Rams
28%
Detroit Stars
28%
Edmonton Eskimos
28%
Montreal Wanderers
28%
Pottsville Maroons
28%
Quebec Bulldogs
28%
Boston Braves
22%
Charlotte Sting
22%
Chivas USA
22%
Cleveland Rockers
22%
Kansas City Monarchs
22%
KC/Omaha Kings
22%
Michigan Panthers
22%
Washington Capitols
22%
Chicago Blitz
17%
Chicago Stags
17%
Cincinnati Celts
17%
Duluth Eskimos
17%
Fort Wayne Pistons
17%
Houston Roughnecks
17%
Kansas City Wizards
17%
Los Angeles Express
17%
Memphis Showboats
17%
Miami Fusion
17%
Milwaukee Badgers
17%
New Orleans Breakers
17%
Orlando Rage
17%
Philadelphia Stars
17%
Rochester Jefferson
17%
San Antonio Brahmas
17%
St Louis Bombers
17%
Washington Capitols
17%
Anderson Packers
11%
Arlington Renegades
11%
Brooklyn Robbins
11%
Brooklyn Tiptops
11%
Chicago Tigers
11%
Chicago Whales
11%
Cleveland Bulldogs
11%
Columbus Panhandles
11%
Cuban X Giants
11%
Dallas Burn
11%
Detroit Panthers
11%
Detroit Shock
11%
Detroit Wolverines
11%
Homestead Grays
11%
Indianapolis Jets
11%
Jacksonville Bulls
11%
Kansas City Blues
11%
Kansas City Cowboys
11%
Kansas City Packers
11%
Kenosha Maroons
11%
LA Buccaneers
11%
Los Angeles Wildcats
11%
Los Angeles Xtreme
11%
Louisville Colonels
11%
Memphis Maddogs
11%
Memphis Red Sox
11%
Miami Sol
11%
Milwaukee Hawks
11%
New York Guardians
11%
Oorang Indians
11%
Orlando Miracle
11%
Ottawa Renegades
11%
Philadelphia Stars
11%
Philadelphia Warriors
11%
Pittsburgh Crawfords
11%
Providence Steamrollers
11%
Racine Legion
11%
Sacramento Monarchs
11%
Seattle Dragons
11%
SF Warriors
11%
Sheboygan Red Skins
11%
St Louis All Stars
11%
St Louis Gunners
11%
Tampa Bay Bandits
11%
Tampa Bay Mutiny
11%
Tampa Bay Vipers
11%
Toledo Maroons
11%
Tricities Blackhawks
11%
Tulsa Shock
11%
Utah Starzz
11%
Washington Federals
11%
Waterloo Hawks
11%
Anderson Packers
6%
Arizona Wranglers
6%
Atlanta Black Crackers
6%
AZ/OK Outlaws
6%
Baltimore Stallions
6%
Baltimore Stars
6%
Baltimore Terrapins
6%
Birmingham Black Barons
6%
Birmingham Thunderbolts
6%
Boston Breakers USFL
6%
Buffalo All Americans
6%
Buffalo Blues
6%
Chicago Enforcers
6%
Cleveland Tigers
6%
Denver Gold
6%
Detroit Heralds
6%
Evansville Crimson Giants
6%
Fort Wayne Daisies
6%
Frankfort Yellow Jackets
6%
Hartford Blues
6%
Hilldale Club
6%
Indianapolis ABCs
6%
Las Vegas Outlaws
6%
Las Vegas Posse
6%
Louisville Brecks
6%
Louisville Colonels
6%
Memphis Maniax
6%
Muncie Flyers
6%
Newark Pepper
6%
NJ Generals
6%
NY Black Yankees
6%
NY Bulldogs
6%
NY/NJ Metrostars
6%
NY Yankees
6%
Orange Tornadoes
6%
Orlando Guardians
6%
Ottawa Rough Riders
6%
Pittsburgh Rebels
6%
Rock Island Independents
6%
Sacramento Gold Miners
6%
San Antonio Texans
6%
San Francisco Demons
6%
S Antonio Silver Stars
6%
Seattle SeaDragons
6%
Shreveport Pirates
6%
South Bend Blue Sox
6%
Staten Island Stapes
6%
St Louis Terriers
6%
Western NY Flash
6%
Baltimore Elite Giants
0%
Battle Creek Belles
0%
Chicago American Giants
0%
Chicago Colleens
0%
Columbus Tigers
0%
Grand Rapids Chicks
0%
Kalamazoo Lassies
0%
Kenosha Comets
0%
Milwaukee Chicks
0%
Minneapolis Marines
0%
Minneapolis Millerettes
0%
Muskegon Belles
0%
Muskegon Lassies
0%
NYNJ Hitmen
0%
Oakland Invaders
0%
Peoria Redwings
0%
Pittsburgh Maulers
0%
Springfield Sallies
0%
No matching quizzes found
Score Distribution
Percent of People with Each Score
Percentile by Number Answered
Your Score History
You have not taken this quiz